000 01109nam a22002297a 4500
005 20240530110342.0
008 141113s2011 ua o gr 000 0 ara d
040 _aEG-CaGPL
082 0 4 _221
_a739.4/
_bق/ ن ط
100 0 _aنبيل على يوسف
245 1 0 _aطرز الحديد الزخرفى :
_bفى عمائر وسط البلد بمدينة القاهرة فى الفترة من 1863 - 1945 م /
_cنبيل على يوسف
260 _aالقاهرة :
_bكلية الفنون التطبيقية جامعة حلوان ،
_c2011
300 _a474 ص :
_bصور ؛
_c24 سم
650 0 4 _aالعمارة الاسلامية
_zمصر
650 0 4 _aالعمارة الاسلامية
_zالقاهرة
_xوسط البلد
650 0 4 _aاشغال الحديد
_zالقاهرة
_yالقرن العشرين
650 0 4 _aاشغال الحديد
_zالقاهرة
_yالقرن التاسع عشر
650 0 4 _aاشغال المعادن
_zمصر
650 0 4 _aالابواب المعدنية
942 _2ddc
_cBK
999 _c59894
_d59894